Регионална библиотека "Любен Каравелов" - Русе

Подарък (Запис номер 38532)

MARC детайли
000 -Лидер
Контролно поле с фиксирана дължина nam a22 a 4500
003 - Код на организацията, давaща контролен номер
Контролно поле BLK
005 - Дата и час на последна редакция
Контролно поле 20230202115034.0
008 - Елементи от данни с фиксирана дължина
fixed length control field 180408b bul|||||r ||||||| ||bul||
010 ## - Наследен системен номер
LC control number KNG00041751000
040 ## - Източник на каталожния запис
Идентификатор на билиотеката - собственик на записа BLK
041 ## - Код за език
Код за езика на текст/звукозапис или на отделно заглавие Български
Код за езика КДБФ Български
080 ## - УДК
Текстов определител УДК Руска литература
УДК код - определител по УДК 821.161.1
УДК определител -93-32
УДК - код + определител 821.161.1-93-32
100 1# - Редна дума - Автор
Автор Паустовски, Константин Георгиевич
Авторска отговорност първи автор
R(LIN) 107312
139 ## - Редно поле
Редна дума Паустовски, Константин Георгиевич
Авторски знак Пау - П 29
245 10 - Сведения за заглавието
Заглавие Подарък
Подзаглавни данни Разкази
Редно поле (дума) Константин Георгиевич Паустовски; прев. от рус. Яню Стоевски; худож. Никола Ковачев.
257 ## - Страна на издаване
Страна на създаване/издаване Русия
260 ## - Област на издателските данни
Име на издателя, разпространителя и проч. Нар. младеж
Година на издаване 1962
Печатница София : Д. Благоев
Място на издаване, разпространение и проч. София
300 ## - Физическа характеристика
Страници 43 с.
Илюстрации и др. с ил.
Размери/Мащаб 20 см
380 ## - Жанр
Жанр Детска худож. лит.
490 ## - СЕРИИ (Колекции)
Име на серия Масова библиотека Пчелица
№: серия № 10
9 (RLIN) 205275
500 ## - Общи забележки
Забележка 59 100 тир.
700 1# - Други автори (авторска отговорност)
Лично име Стоевски, Яню
Автороска отговорност (Описва отношението между автора и произведението) прев. от рус.
9 (RLIN) 276175
700 1# - Други автори (авторска отговорност)
Лично име Ковачев, Никола
Автороска отговорност (Описва отношението между автора и произведението) худож.
9 (RLIN) 276176
852 ## - Местоположение
Форматна сигнатура Цб 267571
856 4# - Електронен адрес и достъп
Електронен формат pdf - файл
Инструкция (цена за достъп) 0.00
Права за достъп disable
856 4# - Електронен адрес и достъп
Електронен формат pdf - файл
Инструкция (цена за достъп) 0.00
Права за достъп disable
999 ## - СИСТЕМНИ КОНТРОЛНИ НОМЕРА
Koha biblionumber 38532
Koha biblioitemnumber 38532
942 ## - АРТИКУЛИ
Вид на библиотечния материал Книги
Скрит в OPAC Не
Периодичен библиозапис Да
944 ## - СЪЗДАВАНЕ И РЕДАКЦИЯ на ЗАПИСА
Създаване/Редакция Създаване
Дата на регистрацията/редакция 16.04.2014
Статус, дата на статуса ф /
Служител, извършил регистрацията/редакцията Симона_Петрова
944 ## - СЪЗДАВАНЕ И РЕДАКЦИЯ на ЗАПИСА
Създаване/Редакция Редакция
Дата на регистрацията/редакция 21.09.2017
Статус, дата на статуса ф /
Служител, извършил регистрацията/редакцията Вася_Ганчева
999 ## - СИСТЕМНИ КОНТРОЛНИ НОМЕРА
Koha biblioitemnumber 38532
999 ## - СИСТЕМНИ КОНТРОЛНИ НОМЕРА
Koha biblioitemnumber 38532
Наличности
Код за отписване Код за изгубен артикул Източник на класификационната схема Код за повреда Коз за рестрикции Код за отдаване Артикулен № Име на библиотеката - собственик Име на библиотеката, в която се намира в момента Статус (Текущо местоположение) Дата на вписване в системата Местоположение - отдел Цена в лева Инвентарен номер Систематично азбучна сигнатура Баркод Номер на екземпляра Цена в евро Служебна бележка Служебен тип на артикула Бележка за публиката
  Не е изгубен Universal Decimal Classification Не е повреден без рестрикции ползва се в читалня 60349 Регионална библиотека "Любен Каравелов" Русе Регионална библиотека "Любен Каравелов" Русе Хранилище 1962-01-01 Хранилище 0.09 12290/62 Цб 267571 900000104306 1 0.05 Дост: Dp Вид: Д N: стар фонд Дата: 01.01.1962 Книги  
Изтеглен Не е изгубен   Не е повреден без рестрикции заемане за дома 60350 Регионална библиотека "Любен Каравелов" Русе Регионална библиотека "Любен Каравелов" Русе   1962-01-01 Детски отдел 0.09 13820/64 ДХ 820/899/П 29 13820/64 2 0.05 N: стар фонд Дата: 01.01.1962 Дата инв: 14.09.2015 Бележки инв: Д2015 Книги Отч.N: 36/2017 , Дата: 05.09.2017
Vip Innovations Ltd, Rousse, Bulgaria 2025